Statistics for Most valuable footballer from each country #05

Click here to take the quiz!

General Stats

  • This quiz has been taken 4 times
  • The average score is 7 of 16

Answer Stats

Answer% Correct
Lei Wu
100%
Roberto Fernandez
75%
Ermedin Demirovic
50%
Jort van der Sande
50%
Manfred Ugalde
50%
Nahki Wells
50%
Tim Chow
50%
Benjamin Mata
25%
Charley McMillan
25%
Chencho Gyeltshen
25%
Guillermo Maripan
25%
Hakeme Yazid Said
25%
Juninho Bacuna
25%
Kiril Despodov
25%
Thatayaone Ditlhokwe
25%
Youssouf Ndayishimiye
25%

Score Distribution

Percentile by Number Answered

Percent of People with Each Score

Your Score History

You have not taken this quiz